Statistics for Hannah Montana characters

Click here to take the quiz!

General Stats

  • This quiz has been taken 1,000 times
  • The average score is 3 of 6

Answer Stats

Hint Answer % Correct
Jason earlesJackson
95%
Moises ariasRico
74%
Mitchell musooliver
72%
Emily osmentlilly
71%
billy ray CyrusRobbie ray
26%
Miley cyrusmiley/hannah Montana
3%

Score Distribution

Percentile by Number Answered

Percent of People with Each Score

Your Score History

You have not taken this quiz